000 01003nas a2200253Ia 4500
001 R007/19237
003 IT-RoPAU
008 151124c99999999xx |||||||||||| ||und||
040 _aIT-RoPAU
040 _cIT-RoPAU
041 _aITALIANO
100 _aPesce Alberto
_gCodice Aut. SPICS: 2682
210 _aCINEFORUM
222 _aCineforum
245 _aCINEFORUM, ANNO 01-N.007/008/009 (SETTEMBRE/NOVEMBRE 1961)
_bPosto (Il) di Ermanno Olmi
250 _a1a ed.
260 _aVENEZIA
_bFEDERAZIONE ITALIANA CINEFORUM
_c1961
501 _bPaulus - SPICS - Società San Paolo EM (non-commercial uses only)
_cCopyright2015
300 _a14 p. [418-431]
362 _aANNO 001, N.007/008/009 (SETTEMBRE/NOVEMBRE 1961)
500 _aProfilo del Regista. Soggetto e Tema del Film. Analisi Strutturale e dei Mezzi Espressivi del Film. Analisi Umana dei Personaggi. Valutazione Critica. Seguono Dialoghi del Film e Filmografia di Olmi.
650 _aCINEMA
_vPUBBLICAZIONE PERIODICA
942 _cCR
999 _c109085
_d109085